| 000 | 01972nam a2200541 i 4500 | ||
|---|---|---|---|
| 001 | 52702 | ||
| 003 | KOSZ 005 | ||
| 005 | 20220615081945.0 | ||
| 008 | 060125s2005 pl a |000 0 pol | ||
| 015 | _aUWD 2006/2063 | ||
| 035 | _a991029360219705066 | ||
| 035 | _a(PL-WaBN)b17932531-48omnis_nlop | ||
| 035 | _ab17932531 | ||
| 035 | _a(OCoLC)749668243 | ||
| 035 | _azz2006841894 | ||
| 035 | _a(PL)b0000001793253 | ||
| 035 | _a(EXLNZ-48OMNIS_NETWORK)9910509835105606 | ||
| 040 |
_aWA N/PBbj _cWA N/PBbj _dWA N/PBezm _dWA N/PBmas _dPOZN 31/DFs _dKR 93/MSs _dKOSZ 005/HR |
||
| 041 | 0 |
_apol _beng _brus |
|
| 046 | _k2005 | ||
| 080 | _a625.7/.8 | ||
| 080 | _a691 | ||
| 080 | _a534.08 | ||
| 100 | 1 |
_aGardziejczyk, Władysław _d(1955- ) _eAutor |
|
| 245 | 1 | 0 |
_aWpływ technologii wykonania i tekstury nawierzchni drogowych na hałas pojazdów samochodowych / _cWładysław Gardziejczyk. |
| 260 |
_aBiałystok : _bDział Wydawnictw i Poligrafii Politechniki Białostockiej, _c2005. |
||
| 300 |
_a204 s. : _bil. (gł. kolor.) ; _c24 cm. |
||
| 336 |
_aTekst _btxt _2rdacontent |
||
| 337 |
_aBez urządzenia pośredniczącego _bn _2rdamedia |
||
| 338 |
_aWolumin _bnc _2rdacarrier |
||
| 380 | _aKsiążki | ||
| 380 | _aPublikacje naukowe | ||
| 388 | _a2001- | ||
| 490 | 1 |
_aRozprawy Naukowe / Politechnika Białostocka, _x0867-096X ; _vnr 121 |
|
| 504 | _aBibliogr. s. 197-201. | ||
| 546 | _aStreszcz. ang., ros. | ||
| 650 | 7 |
_aDrogi _2DBN |
|
| 650 | 7 | _aMateriały budowlane | |
| 650 | 7 |
_aHałas drogowy _2DBN |
|
| 650 | 7 | _aPomiary | |
| 658 | _aInżynieria i technika | ||
| 658 | _aTransport i logistyka | ||
| 710 | 2 |
_aOficyna Wydawnicza Politechniki Białostockiej _4pbl |
|
| 830 | 0 |
_aRozprawy Naukowe - Politechnika Białostocka _vnr 121 |
|
| 856 |
_uhttp://koha.tu.koszalin.pl/cgi-bin/koha/opac-detail.pl?biblionumber=52702 _yKatalog online BPK |
||
| 942 |
_2UKD _cKS |
||
| 999 |
_c52702 _d52702 |
||